Japan's imperial underworlds : (Record no. 592169)

000 -LEADER
fixed length control field 01804cam a2200361 i 4500
001 - CONTROL NUMBER
control field 20504197
005 - DATE AND TIME OF LATEST TRANSACTION
control field 20221031154944.0
008 - FIXED-LENGTH DATA ELEMENTS--GENERAL INFORMATION
fixed length control field 180519t20182018enkab b 001 0 eng
010 ## - LIBRARY OF CONGRESS CONTROL NUMBER
LC control number 2018011109
020 ## - INTERNATIONAL STANDARD BOOK NUMBER
International Standard Book Number 9781108470117 (alk. paper)
040 ## - CATALOGING SOURCE
Original cataloging agency DLC
Language of cataloging eng
Transcribing agency DLC
Description conventions rda
Modifying agency DLC
042 ## - AUTHENTICATION CODE
Authentication code pcc
043 ## - GEOGRAPHIC AREA CODE
Geographic area code a-ja---
-- ae-----
050 00 - LIBRARY OF CONGRESS CALL NUMBER
Classification number DS885.48
Item number .A46 2018
082 00 - DEWEY DECIMAL CLASSIFICATION NUMBER
Classification number 303.482520509041
Author Mark AMB
100 1# - MAIN ENTRY--PERSONAL NAME
Personal name Ambaras, David Richard,
Dates associated with a name 1962-
Relator term author.
9 (RLIN) 102048
245 10 - TITLE STATEMENT
Title Japan's imperial underworlds :
Remainder of title intimate encounters at the borders of empire /
Statement of responsibility, etc. David R. Ambaras ; North Carolina State University.
264 #1 - PRODUCTION, PUBLICATION, DISTRIBUTION, MANUFACTURE, AND COPYRIGHT NOTICE
Place of production, publication, distribution, manufacture [Cambridge, United Kingdom] ;
-- New York, NY :
Name of producer, publisher, distributor, manufacturer Cambridge University Press,
Date of production, publication, distribution, manufacture, or copyright notice 2018.
264 #4 - PRODUCTION, PUBLICATION, DISTRIBUTION, MANUFACTURE, AND COPYRIGHT NOTICE
Date of production, publication, distribution, manufacture, or copyright notice ©2018
300 ## - PHYSICAL DESCRIPTION
Extent xv, 281 pages :
Other physical details illustrations, maps ;
Dimensions 24 cm.
336 ## - CONTENT TYPE
Content type term text
Content type code txt
Source rdacontent
337 ## - MEDIA TYPE
Media type term unmediated
Media type code n
Source rdamedia
338 ## - CARRIER TYPE
Carrier type term volume
Carrier type code nc
Source rdacarrier
490 0# - SERIES STATEMENT
Series statement Studies of the Weatherhead East Asian Institute, Columbia University
504 ## - BIBLIOGRAPHY, ETC. NOTE
Bibliography, etc. note Includes bibliographical references and index.
505 0# - FORMATTED CONTENTS NOTE
Formatted contents note Treaty ports and traffickers: Children's bodies, regional markets, and the making -- Of national space -- In the Antlion's pit: Abduction narratives and marriage migration between Japan -- And fuqing -- Embodying the borderland in the Taiwan Strait: Nakamura Sueko as runaway -- Woman and pirate queen -- Borders in blood, water, and ink: Ando Sakan's intimate mappings of the South China Sea.
651 #0 - SUBJECT ADDED ENTRY--GEOGRAPHIC NAME
Geographic name Japan
General subdivision History
Chronological subdivision 20th century.
9 (RLIN) 101940
651 #0 - SUBJECT ADDED ENTRY--GEOGRAPHIC NAME
Geographic name Japan
General subdivision Relations
Geographic subdivision East Asia.
9 (RLIN) 102049
651 #0 - SUBJECT ADDED ENTRY--GEOGRAPHIC NAME
Geographic name East Asia
General subdivision Relations
Geographic subdivision Japan.
9 (RLIN) 102050
906 ## - LOCAL DATA ELEMENT F, LDF (RLIN)
a 7
b cbc
c orignew
d 1
e ecip
f 20
g y-gencatlg
942 ## - ADDED ENTRY ELEMENTS (KOHA)
Source of classification or shelving scheme
Koha item type Book
Holdings
Withdrawn status Lost status Source of classification or shelving scheme Damaged status Not for loan Permanent Location Current Location Shelving location Date acquired Source of acquisition Total Checkouts Full call number Barcode Date last seen Price effective from Koha item type
          Central Library (CL) Central Library (CL) Explore Japan 10/31/2022 Donated by Japan Embassy   303.482520509041 AMB CL-D-2161 11/02/2022 10/31/2022 Book
© 2023 Central Library, National University of Sciences and Technology. All Rights Reserved.